Barriers to data sharing in the surveying profession: implications for the commercial property market (Record no. 57192)

MARC details
000 -LEADER
fixed length control field 01389cab a2200349 4500
001 - CONTROL NUMBER
control field ABS59787
008 - FIXED-LENGTH DATA ELEMENTS--GENERAL INFORMATION
fixed length control field 090401t1998 xxu||||| |||| 00| 0 eng d
035 ## - SYSTEM CONTROL NUMBER
System control number (Sirsi) u90251
041 ## - LANGUAGE CODE
Language code of text/sound track or separate title eng
100 ## - MAIN ENTRY--PERSONAL NAME
Personal name Deddis, B.
245 ## - TITLE STATEMENT
Title Barriers to data sharing in the surveying profession: implications for the commercial property market
260 ## - PUBLICATION, DISTRIBUTION, ETC.
Date of publication, distribution, etc. 1998
350 ## - PRICE (NR) (BK AM CF MU VM SE) [OBSOLETE]
Price 0
490 ## - SERIES STATEMENT
Series statement Journal of Property Research
Volume/sequential designation 15(4) December 1998, 331-346(16)
520 ## - SUMMARY, ETC.
Summary, etc. Discussion on the absence of information arising from barriers to data which is constraining the property market. Reports on research into the concept of data sharing within the surveying profession. Issues addressed include technical, legal, competitive, commercial and other potential constraints. Implications for the structure of professional practice and the role of RICS are assessed. References.
650 ## - SUBJECT ADDED ENTRY--TOPICAL TERM
Topical term or geographic name entry element PROPERTY-COMMERCIAL PROPERTY-COMMERCIAL PROPERTY MARKET
650 ## - SUBJECT ADDED ENTRY--TOPICAL TERM
Topical term or geographic name entry element PROPERTY-COMMERCIAL PROPERTY
650 ## - SUBJECT ADDED ENTRY--TOPICAL TERM
Topical term or geographic name entry element DATA BARRIERS
650 ## - SUBJECT ADDED ENTRY--TOPICAL TERM
Topical term or geographic name entry element DATA SHARING
650 ## - SUBJECT ADDED ENTRY--TOPICAL TERM
Topical term or geographic name entry element DATA TRANSPARENCY
650 ## - SUBJECT ADDED ENTRY--TOPICAL TERM
Topical term or geographic name entry element INFORMATION SHARING
650 ## - SUBJECT ADDED ENTRY--TOPICAL TERM
Topical term or geographic name entry element RICS
650 ## - SUBJECT ADDED ENTRY--TOPICAL TERM
Topical term or geographic name entry element SURVEYING PROFESSION
690 ## - LOCAL SUBJECT ADDED ENTRY--TOPICAL TERM (OCLC, RLIN)
Topical term or geographic name as entry element COMMERCIAL PROPERTY-MANAGEMENT
700 ## - ADDED ENTRY--PERSONAL NAME
Personal name Keogh, G.
700 ## - ADDED ENTRY--PERSONAL NAME
Personal name Berry, J.
700 ## - ADDED ENTRY--PERSONAL NAME
Personal name Adair, A.
700 ## - ADDED ENTRY--PERSONAL NAME
Personal name McGreal, S.
700 ## - ADDED ENTRY--PERSONAL NAME
Personal name Key, T.
942 ## - ADDED ENTRY ELEMENTS (KOHA)
Suppress in OPAC 0
948 ## - LOCAL PROCESSING INFORMATION (OCLC); SERIES PART DESIGNATOR (RLIN)
c (OCLC) 11/12/1998
Holdings
Withdrawn status Lost status Source of classification or shelving scheme Damaged status Not for loan Home library Current library Shelving location Date acquired Total Checkouts Full call number Barcode Date last seen Copy number Price effective from Koha item type
    Dewey Decimal Classification     London London Journal article 14/09/1999   ABS59787 90251-1001 06/08/2019 1 06/08/2019 Journal article